Fertility and education : (Record no. 57824)
[ view plain ]
| 000 -LEADER | |
|---|---|
| fixed length control field | 00994nam a2200301 a 4500 |
| 001 - CONTROL NUMBER | |
| control field | 57824 |
| 003 - CONTROL NUMBER IDENTIFIER | |
| rucl marc code | BD-RjUL |
| 005 - DATE AND TIME OF LATEST TRANSACTION | |
| control field | 20211209080545.0 |
| 008 - FIXED-LENGTH DATA ELEMENTS--GENERAL INFORMATION | |
| fixed length control field | 161212s1979 mdua bs 000 1 eng d |
| 020 ## - INTERNATIONAL STANDARD BOOK NUMBER | |
| International Standard Book Number | 0801821401 (pbk) |
| 035 ## - SYSTEM CONTROL NUMBER | |
| System control number | (BD-RjUL)57948 |
| 040 ## - CATALOGING SOURCE | |
| Original cataloging agency | BD-RjUL |
| Language of cataloging | eng |
| Transcribing agency | BD-RjUL |
| Modifying agency | BD-RjUL |
| 041 ## - LANGUAGE CODE | |
| Language code of text/sound track or separate title | eng |
| 082 ## - DEWEY DECIMAL CLASSIFICATION NUMBER | |
| Classification number | 304.632 |
| Edition number | 23 |
| Author mark and year | COF 1979 |
| 100 1# - MAIN ENTRY--PERSONAL NAME | |
| Personal name | Cochrane, Susan Hill, |
| Dates associated with a name | 1943- |
| 9 (RLIN) | 171726 |
| 245 10 - TITLE STATEMENT | |
| Title | Fertility and education : |
| Remainder of title | what do we really know? / |
| Statement of responsibility, etc. | Susan Hill Cochrane |
| 260 ## - PUBLICATION, DISTRIBUTION, ETC. (IMPRINT) | |
| Place of publication, distribution, etc. | Baltimore ; |
| -- | London : |
| Name of publisher, distributor, etc. | Johns Hopkins University Press, |
| Date of publication, distribution, etc. | c1979 |
| 300 ## - PHYSICAL DESCRIPTION | |
| Pagination | xii, 175 p. : |
| Illustrations | ill. ; |
| Size | 23 cm |
| 490 1# - SERIES STATEMENT | |
| Series statement | World Bank staff occasional papers ; |
| Volume/sequential designation | 26 |
| 504 ## - BIBLIOGRAPHY, ETC. NOTE | |
| Bibliography, etc | Includes bibliography (p.153-172) and index |
| 650 #0 - SUBJECT ADDED ENTRY--TOPICAL TERM | |
| Topical term or geographic name as entry element | Education |
| 9 (RLIN) | 171727 |
| Topical term or geographic name as entry element | Family size |
| 9 (RLIN) | 171376 |
| Topical term or geographic name as entry element | Fertility, Human |
| 9 (RLIN) | 171375 |
| 710 2# - ADDED ENTRY--CORPORATE NAME | |
| Corporate name or jurisdiction name as entry element | World Bank. |
| 9 (RLIN) | 171728 |
| 830 #0 - SERIES ADDED ENTRY--UNIFORM TITLE | |
| Uniform title | World Bank staff occasional papers ; |
| Volume number/sequential designation | 26 |
| 942 ## - ADDED ENTRY ELEMENTS (KOHA) | |
| Source of classification or shelving scheme | Dewey Decimal Classification |
| Koha item type | Books |
| Lost status | Source of classification or shelving scheme | Damaged status | Not for loan | Collection code | Permanent Location | Current Location | Shelving location | Date acquired | Source of acquisition | Total Checkouts | Full call number | Date last seen | Copy number | Koha item type |
|---|---|---|---|---|---|---|---|---|---|---|---|---|---|---|
| Dewey Decimal Classification | Not For Loan | Non-fiction | Central Library, University of Rajshahi | Central Library, University of Rajshahi | Reading Room | 03/05/1980 | Jonathan | 304.632 COF 1979 | 12/12/2016 | C-1 | Books |